| 000 | 00378nam a2200145Ia 4500 | ||
|---|---|---|---|
| 005 | 20250707024947.0 | ||
| 008 | 240331s9999 xx 000 0 und d | ||
| 082 |
_a302.234 _bTHE |
||
| 100 | _aThevathas, T | ||
| 245 | 0 | _aIlankait Tamil cinemavin katai | |
| 260 |
_aColombo _bVST Publication _c2015 |
||
| 300 | _a305 p ., | ||
| 500 | _aStory of Sri Lankan Tamil films | ||
| 942 | _cL | ||
| 999 |
_c1190 _d1190 |
||